[Event "3rd Vergani Cup 2018"]
[Site "Montebelluna"]
[Date "2019.01.02"]
[Round "?"]
[White "Prithu Gupta"]
[Black "Baglan, Esat"]
[Result "1/2-1/2"]
[WhiteElo "2462"]
[BlackElo "2363"]
[Annotator "TA"]
[PlyCount "118"]
[EventDate "2018.12.27"]
[EventType "swiss"]
[EventCountry "ITA"]

{[%evp 17,118,10,20,-8,-8,-62,5,10,6,6,9,8,0,0,0,0,0,0,20,14,9,2,0,0,0,-1,-2,-39,-21,-33,-22,-41,0,0,0,-63,0,-41,-44,-54,-54,-54,-54,-48,-35,-50,0,-78,-78,-91,-62,-91,-91,-92,-32,-32,0,0,0,-32,-32,-62,-53,-78,0,0,0,0,0,0,0,0,0,0,0,0,0,0,0,0,0,0,0,0,0,0,0,0,0,0,0,0,0,0,0,0,0,0,0,0,0,0,0]} 1. c4 Nf6 2. Nf3 g6 3. g3 Bg7 4. Bg2 O-O 5. d4 c6 6. O-O d5 7. cxd5 cxd5 8. b3 Nc6 9. Bb2 Ne4 {LiveBook: 3 Games} 10. e3 {D78: Fianchetto Grünfeld: 6 0-0 c6} (10. Nbd2 Qb6 11. e3 Bg4 12. h3 Bf5 13. Nh4 Nb4 14. Nxf5 gxf5 15. Nf3 Rfc8 16. Ne1 a5 17. a3 Nc2 {½-½ (56) Lys,J (2206)-Mroziak,M (2293) Karvina 2014}) 10... b6 11. Qe2 $146 (11. a3 $11) ({Predecessor:} 11. Nc3 Ba6 12. Ne2 Rc8 13. Ne1 Qd7 14. f3 Nd6 15. Rf2 Nf5 16. Bh3 e6 17. g4 Nd6 {½-½ (29) Roumeliotis,A (1875)-Dounis,A (2152) Piraeus 2006}) 11... a5 (11... Nb4 $1 $15 12. Na3 Ba6) 12. Rc1 $1 $11 {[%cal Rc1c6]} Ba6 13. Qd1 Rc8 14. Nc3 Qd7 15. Nxe4 dxe4 16. Nd2 f5 17. Nc4 Qd8 18. Bf1 Nb4 19. Ba3 Nd5 20. Ne5 Bxf1 21. Qxf1 Bxe5 22. dxe5 Qd7 23. Qa6 Rfd8 24. Rxc8 Rxc8 25. Rd1 {[#] Threatens to win with Rxd5!} Kf7 26. h4 (26. Rxd5 $11 Qxd5 27. Qxc8 Qd1+ 28. Kg2 Qf3+ 29. Kh3 Qh5+ 30. Kg2 Qf3+ 31. Kh3 Qh5+ 32. Kg2 Qf3+) 26... Rd8 (26... Ke6 $1 $15) 27. Rc1 Qe6 28. Qc4 Qxe5 29. Rd1 Qe6 30. Qd4 Qf6 31. Qc4 Qe6 32. Bb2 (32. Qd4 $1 $11) 32... Rd6 $17 33. Rc1 Nf6 (33... h6 {seems wilder.} 34. Qd4 Nf6 35. Qe5 g5 36. Kf1 Kg6) 34. Qxe6+ Kxe6 35. Bxf6 exf6 $15 {[%mdl 4096] Endgame KR-KR} ({Black should play} 35... Kxf6 $17 36. Rc8 Kf7) 36. Rc7 Rd7 37. Rc6+ Rd6 38. Rc7 h5 39. Rg7 Rd2 40. Rb7 f4 (40... Rxa2 $17 41. Rxb6+ Ke5) 41. Rxb6+ $11 {The position is equal.} Kf5 {White must now prevent ...fxe3.} 42. gxf4 Rxa2 43. Kg2 Rb2 44. Kg3 Rb1 45. Kg2 Rb2 46. Kg3 Rb1 47. Rb5+ Ke6 48. Rxa5 Rxb3 49. f5+ gxf5 50. Ra7 Rb8 51. Rh7 Rg8+ 52. Kh3 {[#]} f4 $1 {[%mdl 512]} 53. Rxh5 (53. exf4 Kf5) 53... fxe3 54. fxe3 Rg1 55. Rb5 f5 56. Kh2 Rg4 57. Kh3 Rg1 58. Rb2 Re1 59. Rb3 Ke5 {Accuracy: White = 67%, Black = 63%.} 1/2-1/2

[Event "3rd Vergani Cup 2018"]
[Site "Montebelluna"]
[Date "2019.01.02"]
[Round "?"]
[White "Sadhwani, Raunak"]
[Black "Prithu Gupta"]
[Result "0-1"]
[WhiteElo "2434"]
[BlackElo "2462"]
[Annotator "TA"]
[PlyCount "70"]
[EventDate "2018.12.27"]
[EventType "swiss"]
[EventCountry "ITA"]

{[%evp 24,70,17,29,24,0,23,33,33,26,41,34,29,37,40,0,0,-13,-16,-79,0,-64,-70,-88,-40,-146,-146,-337,-310,-464,-452,-996,-975,-1145,-1125,-1513,-530,-656,-402,-393,-402,-395,-379,-381,-351,-351,-351,-425,-417]} 1. e4 e5 2. Nf3 Nc6 3. Bc4 Nf6 4. Ng5 d5 5. exd5 Na5 6. Bb5+ Bd7 7. Qe2 Be7 8. Nc3 Bxb5 {C58: Two Knights: 4 Ng5 d5 5 exd5 Na5 sidelines} 9. Qxb5+ c6 10. dxc6 Nxc6 11. O-O (11. Nf3 O-O 12. d3 Nd4 13. Nxd4 exd4 14. Ne2 Rc8 15. Qb3 Qa5+ 16. Bd2 {½-½ (24) Short,N (2683)-Postny,E (2606) Kishinev 2017}) 11... O-O 12. Qe2 Nd4 13. Qd1 {LiveBook: 4 Games} Rc8 14. d3 Nd5 15. Nxd5 Qxd5 $146 ({Predecessor:} 15... Bxg5 16. Bxg5 Qxd5 {0-1 (38) Paoli,E-Uzman,C Norristown 1973}) 16. c3 Nc6 17. Qe2 Rcd8 18. Rd1 $1 f5 19. Nf3 ({White should play} 19. Nh3 $14) 19... e4 $36 {[%mdl 2048] White is under pressure.} 20. Ne1 $1 f4 21. Qc2 {[#]} (21. g3 $11 {remains equal.}) 21... Kh8 (21... Qh5 $1 $17) 22. Bd2 (22. Rd2 $11) 22... exd3 $15 23. Qb3 Qd7 {Strongly threatening ...Na5.} 24. a4 (24. Qc4 $15) 24... Ne5 $17 {And now ...Bc5 would win.} 25. Qb5 $2 (25. c4 $17 Bc5 26. Bc3) 25... Qc7 26. c4 (26. Bxf4 {was worth a try.} Rxf4 27. Nxd3 Nxd3 28. Rxd3) 26... f3 $19 27. g3 (27. Ba5 $142 b6 28. Bc3) 27... Bc5 28. Bf4 a6 29. Qb3 {[#]} d2 $1 {[%mdl 512]} 30. Nd3 (30. Rxd2 Rxd2) 30... Rxd3 31. Qxd3 Nxd3 32. Bxc7 Nxf2 33. Kf1 Nxd1 34. Rxd1 Bb4 35. Kf2 Re8 {Accuracy: White = 31%, Black = 63%.} 0-1

[Event "3rd Vergani Cup 2018"]
[Site "Montebelluna"]
[Date "2019.01.02"]
[Round "?"]
[White "Sadhwani, Raunak"]
[Black "Ter-Sahakyan, Samvel"]
[Result "0-1"]
[WhiteElo "2434"]
[BlackElo "2574"]
[Annotator "TA"]
[PlyCount "96"]
[EventDate "2018.12.27"]
[EventType "swiss"]
[EventCountry "ITA"]

{[%evp 16,96,26,18,29,25,39,14,16,-2,45,33,31,-5,51,58,58,46,53,36,87,100,123,116,142,85,100,117,86,90,120,109,110,100,99,-52,46,-50,-53,-198,-190,-185,-187,-176,-186,-172,-155,-107,-85,-349,0,0,0,0,-16,-8,0,0,0,0,0,0,0,0,0,0,0,-83,-89,-1000,-1029,-982,-920,-29968,-29966,-29974,0,-29974,-29976,-29978,-29979,-29979,-29979]} 1. e4 c5 2. Nf3 d6 3. d4 cxd4 4. Nxd4 Nf6 5. Nc3 a6 6. a3 g6 {B90: Sicilian Najdorf: Unusual White 6th moves, 6 Be3 Ng4 and 6 Be3 e5} (6... e5 7. Nf3 Be7 8. Bc4 O-O 9. Bg5 Be6 10. Bxf6 Bxc4 11. Bxe7 Qxe7 12. Nd2 Be6 13. Nf1 Nd7 14. Ne3 Nf6 15. O-O Rac8 16. Qd3 Rc6 17. Rfd1 Rfc8 18. f3 g6 19. Kh1 Kg7 20. Qd2 {½-½ (20) Anand,V (2782)-Nepomniachtchi,I (2729) Riadh 2017}) 7. Be2 Bg7 8. Be3 Nc6 9. Qd2 {LiveBook: 4 Games} Ng4 10. Bxg4 Bxg4 11. Nxc6 $146 (11. h3 {is interesting.} Bd7 12. Rd1 Rc8 13. O-O Ne5 14. b3) ({Predecessor:} 11. Nd5 Rb8 12. O-O O-O 13. c4 e5 14. Nc2 {1-0 (50) Groetzbach,J (2247)-Firouzja,A (2600) Tegernsee 2018}) 11... bxc6 12. Bd4 e5 13. Be3 Qe7 14. Bh6 Bf6 (14... O-O $11) 15. f3 $14 Be6 16. O-O-O $1 $36 {[%mdl 2048] White is more active.} Rd8 17. g4 Rg8 (17... Bh4 $14) 18. h4 $16 Bh8 19. Be3 f6 20. Rhg1 (20. h5 $142) 20... d5 {...d4 is the strong threat.} 21. Bb6 ({Reject} 21. exd5 $6 cxd5 22. Bb6 Rd7 $11) 21... Rd7 22. Qf2 (22. exd5 $6 cxd5 23. Qd3 Kf7 $11) 22... d4 23. Na4 Rb7 24. f4 c5 25. g5 $2 ({Better is} 25. Bxc5 $16 Qd7 26. f5) 25... c4 (25... Bd7 $1 $15 26. Bxc5 Qe6 27. gxf6 Bxf6 28. fxe5 Bxe5) 26. gxf6 (26. f5 $14 Bf7 27. c3) 26... Qxf6 $15 27. Rg5 ({White should play} 27. Bxd4 $15 exd4 28. e5) 27... Rf8 $1 $19 {And now ...Bd7 would win.} 28. Bc5 Qxf4+ 29. Qxf4 Rxf4 30. Bd6 Bf6 ({Don't play} 30... Rxh4 31. Bxe5 h6 32. Rxg6 $17) 31. Nc5 Rb6 (31... Rxh4 {with more complications.} 32. Nxe6 Re7 33. Bxe7 Kxe7 34. Rdg1 Kxe6 35. R5g4 Rxg4 36. Rxg4 g5) 32. Nxe6 $4 {[%mdl 8192]} (32. Bxe5 $17 Bxg5 33. hxg5) 32... Rxd6 $2 (32... Bxg5 $19 33. hxg5 Rxe4) 33. Nxf4 $11 {Black must now prevent Nd5.} Bxg5 34. hxg5 exf4 $17 {[%mdl 4096] Endgame KR-KR} 35. Rf1 Rb6 36. Rxf4 Rb5 37. Rh4 Rxg5 {Strongly threatening ...Rg1+.} 38. Rxh7 Rg1+ 39. Kd2 Rg2+ 40. Kd1 g5 41. e5 (41. Rc7 $1 $11 {remains equal.}) 41... g4 $1 42. e6 $2 {[%mdl 8192] [#]} (42. Rc7 $17) 42... g3 $1 $19 43. Rg7 d3 44. cxd3 cxd3 45. b4 {[#]} Rg1+ $1 46. Kd2 g2 {Black mates.} 47. Kxd3 Rd1+ 48. Kc4 g1=Q {Accuracy: White = 37%, Black = 53%.} 0-1

[Event "3rd Vergani Cup 2018"]
[Site "Montebelluna"]
[Date "2019.01.02"]
[Round "?"]
[White "Sadhwani, Raunak"]
[Black "Andriasian, Zaven"]
[Result "0-1"]
[WhiteElo "2434"]
[BlackElo "2604"]
[Annotator "TA"]
[PlyCount "86"]
[EventDate "2018.12.27"]
[EventType "swiss"]
[EventCountry "ITA"]

{[%evp 13,86,17,25,13,33,14,26,0,0,0,0,0,36,-37,-39,-34,-14,-35,-15,-25,0,-25,-8,-18,-12,-11,-12,-22,-20,-33,-26,-54,-46,-47,-41,-36,-44,-52,-50,-40,-29,-58,-27,-129,-10,-13,-18,-83,0,-14,0,-19,-19,-11,-10,-25,-32,-31,-25,-98,-101,-116,-105,-120,-116,-126,-120,-135,-126,-274,-264,-271,-266,-1047,-1041]} 1. e4 c5 2. Nf3 d6 3. d4 cxd4 4. Nxd4 Nf6 5. Nc3 a6 6. a3 g6 {B90: Sicilian Najdorf: Unusual White 6th moves, 6 Be3 Ng4 and 6 Be3 e5} (6... e5 7. Nf3 Be7 8. Bc4 O-O 9. Bg5 Be6 10. Bxf6 Bxc4 11. Bxe7 Qxe7 12. Nd2 Be6 13. Nf1 Nd7 14. Ne3 Nf6 15. O-O Rac8 16. Qd3 Rc6 17. Rfd1 Rfc8 18. f3 g6 19. Kh1 Kg7 20. Qd2 {½-½ (20) Anand,V (2782)-Nepomniachtchi,I (2729) Riadh 2017}) 7. Be2 Bg7 {LiveBook: 6 Games} 8. Be3 Nbd7 {The position is equal.} 9. Qd2 b5 $146 ({Predecessor:} 9... h5 10. Nf3 b5 {0-1 (33) Paleologu,V (2158)-Lazarev,V (2513) Lugano 2005}) 10. Bh6 Bxh6 11. Qxh6 Bb7 12. O-O Rc8 13. Rfe1 (13. Rad1 $14) 13... Qb6 $1 $15 {[%cal Rb6d4]} 14. Rad1 e5 15. Nb3 ({Not} 15. Qg7 $2 Rg8 $19) 15... Bxe4 16. Qd2 Bf5 17. Qxd6 Bxc2 18. Qxb6 Nxb6 19. Rd6 Nfd7 $1 20. Na5 Ke7 $1 {[%cal Re7d6]} 21. Rd2 Bf5 22. Bf3 Be6 23. Red1 Nb8 24. Rd6 Nc4 25. Nxc4 Bxc4 26. Rb6 Rhd8 27. Re1 f6 {[%cal Bf7f6,Bf6f5][%mdl 32]} 28. Bg4 {[#]} (28. g4 $11) 28... Nd7 (28... f5 $1 $17 {[%cal Rf5g4]} 29. Bh3 Rd2) 29. Bxd7 $1 $11 Rxd7 30. Ne4 (30. f4 $11) 30... Be6 (30... Rcd8 $17 {aiming for ...Rd1.} 31. f3 Rd1 32. Rb7+ R8d7 33. Rxd1 Rxb7) 31. b4 Rc2 32. h3 f5 33. Ng5 Rd6 34. Rb7+ Bd7 35. Rxe5+ Kf6 36. f4 {[#]} (36. Rc5 $1 $11 {keeps the balance.} Rd1+ 37. Kh2 Rxf2 38. Nxh7+ Ke7 39. Rcc7) 36... h6 $1 $36 {[%cal Rh6g5][%mdl 2048] Black is in control.} ({Worse is} 36... Rd1+ 37. Kh2 $16) 37. Nf3 Bc6 38. Rb6 {[#] Hoping for Rc5.} Rxg2+ $1 {[%mdl 512]} 39. Kf1 {Threatens to win with Rc5.} (39. Kxg2 Bxf3+) 39... Rg3 40. Re3 g5 {White must now prevent ...g4.} 41. fxg5+ (41. Rc3 $17 {might work better.} Rxf3+ 42. Rxf3) 41... hxg5 $19 42. Rc3 Ke7 ({Much less strong is} 42... Rxf3+ 43. Rxf3 Re6 44. Rc3 $17) 43. Re3+ $2 (43. Rcxc6 Rxc6 44. Rxc6 Rxf3+ 45. Ke2 Rxa3 46. Rg6) 43... Be4 {Precision: White = 31%, Black = 68%.} 0-1

[Event "3rd Vergani Cup 2018"]
[Site "Montebelluna"]
[Date "2019.01.02"]
[Round "?"]
[White "Menezes, Christoph"]
[Black "Basso, Pier Luigi"]
[Result "1/2-1/2"]
[WhiteElo "2415"]
[BlackElo "2542"]
[PlyCount "40"]
[EventDate "2018.12.27"]
[EventType "swiss"]
[EventCountry "ITA"]
[TimeControl "5400+30"]
[WhiteClock "1:14:20"]
[BlackClock "1:07:50"]

1. Nf3 {[%emt 0:00:00]} d5 {[%emt 0:00:16]} 2. g3 {[%emt 0:00:00]} c6 {[%emt 0:00:54]} 3. Bg2 {[%emt 0:00:09]} Bg4 {[%emt 0:00:07]} 4. O-O {[%emt 0:00:29]} e6 {[%emt 0:00:07]} 5. h3 {[%emt 0:00:38]} Bh5 {[%emt 0:00:07]} 6. d4 {[%emt 0:00:42]} Nf6 {[%emt 0:00:09]} 7. c4 {[%emt 0:00:21]} Nbd7 {[%emt 0:00:42]} 8. cxd5 {[%emt 0:00:27]} exd5 {[%emt 0:00:25]} 9. Qb3 {[%emt 0:00:17]} Qb6 {[%emt 0:03:17]} 10. Qe3+ {[%emt 0:00:13]} Be7 {[%emt 0:04:04]} 11. Nh4 {[%emt 0:00:26]} Bg6 {[%emt 0:00:58]} 12. Nc3 {[%emt 0:00:30]} Qd8 {[%emt 0:05:29]} 13. b4 {[%emt 0:00:19]} O-O {[%emt 0:01:03]} 14. Nxg6 {[%emt 0:00:22]} hxg6 {[%emt 0:00:04]} 15. b5 {[%emt 0:00:28]} Re8 {[%emt 0:02:24]} 16. Qd3 {[%emt 0:01:14]} Nf8 {[%emt 0:02:43]} 17. Rb1 {[%emt 0:04:31]} Ne6 {[%emt 0:00:43]} 18. bxc6 {[%emt 0:09:29]} bxc6 {[%emt 0:00:07]} 19. Rd1 {[%emt 0:02:41]} Rb8 {[%emt 0:01:51]} 20. Rxb8 {[%emt 0:08:54]} Qxb8 {[%emt 0:00:10]} 1/2-1/2

[Event "3rd Vergani Cup 2018"]
[Site "Montebelluna"]
[Date "2019.01.02"]
[Round "?"]
[White "Menezes, Christoph"]
[Black "Ajay Krishna, S."]
[Result "0-1"]
[WhiteElo "2415"]
[BlackElo "2289"]
[Annotator "TA"]
[PlyCount "94"]
[EventDate "2018.12.27"]
[EventType "swiss"]
[EventCountry "ITA"]

{[%evp 18,94,-1,-36,-38,-28,-30,-20,-31,-16,-18,-40,-31,-47,-41,-49,-50,-63,-43,-45,-55,-65,-83,-89,-79,-89,-87,-87,-8,-56,-26,-48,-49,-41,-41,-37,-1,-5,0,-23,0,0,20,24,15,18,8,0,0,-133,-135,-126,-133,-133,-131,-160,-153,-236,-220,-217,-235,-288,-312,-285,-303,-299,-294,-418,-417,-404,-400,-379,-369,-620,-602,-539,-514,-29963,-29963]} 1. c4 c5 2. g3 g6 3. Bg2 Bg7 4. Nc3 Nc6 5. Nf3 e6 6. d3 Nge7 7. Bg5 {A37: Symmetrical English vs ...g6: 4 Bg2 Bg7 5 Nf3} (7. Bd2 b6 8. Qc1 h6 9. O-O Bb7 10. a3 d6 11. Rb1 Qd7 12. b4 Rd8 13. Nb5 Ba8 14. Rd1 g5 15. bxc5 bxc5 {½-½ (55) Bachmann,A (2642)-Bologan,V (2654) Philadelphia 2016}) 7... h6 8. Bd2 O-O 9. a3 d5 10. Rb1 {LiveBook: 16 Games} dxc4 11. dxc4 e5 12. O-O Be6 13. Qc1 $146 ({Predecessor:} 13. b3 Qc7 14. Qc1 Kh7 {0-1 (33) Sulyok,M (2200)-Kirschner,A (2280) Austria 2012}) 13... Kh7 14. Ne4 Bf5 15. Qc2 Bxe4 16. Qxe4 f5 17. Qh4 {And now Bxh6! would win.} e4 18. Bxh6 exf3 19. Bg5+ Kg8 20. Bxf3 Qc7 21. b4 cxb4 22. axb4 {aiming for b5.} Rf7 ({Better is} 22... Kf7 $17 {Black wants to play ...Nd4.} 23. Rfd1 Rh8) 23. e3 Raf8 (23... Ne5 $5 {[%cal Re5f3]} 24. Bg2 Raf8 25. Bxe7 Rxe7 26. Bd5+ Nf7 $17) 24. Bg2 Bf6 25. Bxf6 Rxf6 26. c5 Nd8 27. Rfd1 Kg7 28. Rd2 Nf7 29. Rbd1 g5 30. Qc4 $1 Rd8 31. Rxd8 Nxd8 32. Qd4 Nec6 33. Qd7+ (33. Qc3 $11) 33... Qxd7 $1 $17 34. Rxd7+ Rf7 35. Rd6 {next b5 is good for White.} a6 36. Rd5 Kf6 37. e4 (37. Rd1 $17) 37... fxe4 38. Bxe4 {[#]} Ne6 $1 39. Rd6 Nxb4 40. Rb6 Nc6 41. Bxc6 bxc6 42. Rxc6 $19 {[%mdl 4096] Endgame [#] KRN-KR} (42. Rxa6 $142 Rc7 43. Ra5) 42... Ra7 $1 43. Rb6 a5 {[%cal Ba6a5,Ba5a4,Ba4a3][%mdl 32]} 44. c6 a4 45. Rb7 $2 (45. c7 Rxc7 46. Ra6) 45... Ra8 46. c7 {If only White now had time for Ra7!...} a3 {Strongly threatening ...a2.} 47. Ra7 (47. c8=Q $19 Rxc8 48. Ra7) 47... Nxc7 {[%mdl 64] Promotion. Accuracy: White = 38%, Black = 80%.} 0-1

[Event "3rd Vergani Cup 2018"]
[Site "Montebelluna"]
[Date "2019.01.02"]
[Round "?"]
[White "Naumkin, Igor"]
[Black "Henderson de La Fuente, Lance"]
[Result "1/2-1/2"]
[WhiteElo "2410"]
[BlackElo "2484"]
[Annotator "TA"]
[PlyCount "134"]
[EventDate "2018.12.27"]
[EventType "swiss"]
[EventCountry "ITA"]

{[%evp 13,134,15,28,10,15,18,13,14,11,16,38,11,17,4,28,29,15,29,48,10,20,3,20,0,24,15,16,0,0,-6,14,0,20,3,12,10,11,10,10,0,18,20,31,0,12,12,16,0,0,0,49,0,23,21,25,15,20,10,12,0,0,0,0,0,0,0,0,0,0,-19,-15,-167,-177,-177,-177,-174,-174,-174,-174,-174,-169,-172,-169,-292,-292,-315,-223,-315,-315,-251,-251,-245,-243,-243,-233,-226,-219,-219,-219,-208,-201,-188,-187,-187,-180,-158,-34,-36,228,-123,-133,-97,0,0,0,0,0,0,0,0,0,0,0]} 1. d4 e6 2. c4 f5 3. Nf3 Nf6 4. g3 d5 5. Bg2 Bd6 6. O-O O-O 7. b3 b6 {LiveBook: 51 Games} 8. e3 {A90: Dutch Defence: Miscellaneous and Modern Stonewall (with ...Bd6)} (8. Ba3 Ne4 9. Bxd6 Qxd6 10. cxd5 exd5 11. e3 Ba6 12. Re1 Nd7 13. Qc1 c5 14. Qa3 Bb7 15. dxc5 bxc5 {0-1 (40) Melkumyan,H (2633)-Grischuk,A (2772) Riadh 2017}) 8... Bb7 9. Bb2 Ne4 10. Nc3 {[%cal Bb1c3,Bc3e2,Be2f4,Bf4d5][%mdl 32]} Nd7 11. Rc1 $146 ({Predecessor:} 11. Qe2 a6 {½-½ (11) Markus,R (2615)-Sedlak,N (2600) Novi Sad 2018}) 11... a6 12. Rc2 Qe7 13. Ne2 Rae8 14. Nf4 dxc4 15. bxc4 e5 16. Nd5 Qe6 17. dxe5 Nxe5 18. Nf4 Qf7 19. Ng5 Qf6 20. Nf3 (20. Bxe4 fxe4 21. c5 (21. Qh5 $2 Qxg5 22. Bxe5 Qxh5 $19) 21... bxc5 $17) (20. h4 {with more complications.} h6 21. Nf3 Nxf3+ 22. Bxf3 Be5 23. Nd5) 20... Nxf3+ 21. Bxf3 Be5 22. Nd5 Qd6 23. Qc1 Bxd5 24. cxd5 Bxb2 25. Qxb2 Nc5 26. Qd4 Rf6 27. Rfc1 Qe5 28. Rc3 Rd6 29. h4 Re7 30. Kg2 Kf8 31. Qb4 Kf7 32. Qd4 Rdd7 33. Qc4 {aiming for d6+.} Kf8 34. R3c2 g6 35. Qe2 Rd6 36. Rc4 h6 {[%cal Bh7h6,Bh6g5,Bg5g4][%mdl 32]} 37. Qc2 Kg7 38. Kg1 Rf6 39. Qd2 Kf8 40. Qd4 (40. Bg2 {is interesting.} Rd6 41. Rd4 g5 42. Qd1 Qf6 43. Qh5) 40... g5 41. hxg5 (41. Bg2 {keeps more tension.} a5 42. Qd1 Rd6 43. Qh5 Qg7 44. Qf3) 41... hxg5 42. Rxc5 $2 (42. R1c2 $11) 42... Qxd4 $19 (42... bxc5 43. Qxc5 Rb6 44. Qc4 $15) 43. exd4 bxc5 44. dxc5 $11 {[%mdl 4096] Endgame KRR-KRB} g4 45. Bg2 Re2 46. d6 Ke8 $1 ({Wrong is} 46... cxd6 $2 47. c6 $18) 47. Bb7 Kd8 $1 (47... cxd6 $2 48. c6 $18) 48. a4 (48. Bxa6 {was worth a try.} Rxa2 49. Bc4) 48... a5 $1 $19 ({But not} 48... cxd6 49. Bxa6 Ra2 50. cxd6 $19) 49. Ba6 Re4 50. dxc7+ (50. Bb5 {might work better.}) 50... Kxc7 51. Bb5 Rfe6 52. Kf1 R6e5 53. c6 Rd5 54. Kg2 Rd2 55. Rh1 Re7 $1 56. Rc1 Rf7 57. Re1 Rc2 58. Kg1 Kb6 59. Rb1 {Strongly threatening Bd3+.} Kc5 (59... Ka7 $1 $17 60. Rd1 Kb6) 60. Bd3 $15 Rd2 $2 {[%mdl 8192] [#]} (60... Rc3 $1 $15 {keeps the upper hand.} 61. Bxf5 Ra3) 61. Rc1+ $2 (61. Rb7 $1 $18 {[%cal Rb7f7]} Rf8 62. c7 Rxd3 63. Rb8) 61... Kd6 62. Bxf5 {[#]} Rxf5 (62... Rd4 $1 $17 {[%cal Rd4a4]} 63. Be6 Rc7) 63. c7 $11 {The position is equal.} Rfxf2 {And now ...Rg2+ would win.} ({Not} 63... Rf8 $2 64. c8=Q $18) 64. c8=Q {Rc6+ would kill now.} Rg2+ {[%mdl 64] Double Attack} 65. Kf1 {Intending Rc6+ and mate.} Rgf2+ 66. Kg1 {Threatening mate with Rc6+.} Rg2+ {[%mdl 64] Double Attack} 67. Kf1 {White wants to mate with Rc6+.} Rgf2+ {Accuracy: White = 38%, Black = 53%.} 1/2-1/2

[Event "3rd Vergani Cup 2018"]
[Site "Montebelluna"]
[Date "2019.01.02"]
[Round "?"]
[White "Naumkin, Igor"]
[Black "Di Benedetto, Edoardo"]
[Result "1/2-1/2"]
[WhiteElo "2410"]
[BlackElo "2324"]
[Annotator "TA"]
[PlyCount "40"]
[EventDate "2018.12.27"]
[EventType "swiss"]
[EventCountry "ITA"]

{[%evp 24,40,24,0,4,0,0,0,0,0,8,-13,10,8,6,9,20,21,23]} 1. d4 d5 2. c4 e6 3. Nf3 Nf6 4. Nc3 Be7 5. Bg5 O-O 6. e3 h6 7. Bh4 Nbd7 8. Rc1 c5 {D63: Queen's Gambit Declined: Classical: 7 Rc1} 9. cxd5 (9. dxc5 Nxc5 10. cxd5 g5 11. Bg3 Nxd5 12. Nxd5 Qxd5 13. Qxd5 exd5 14. Nd4 Bd7 15. Be2 Rac8 16. O-O {½-½ (31) Ivanchuk,V (2710)-Yu,Y (2765) Batumi 2018}) 9... Nxd5 10. Bxe7 Nxe7 11. Be2 b6 12. O-O Bb7 13. dxc5 {LiveBook: 6 Games} Nxc5 {The position is equal.} 14. Qxd8 Rfxd8 15. Rfd1 Nd5 16. Nxd5 Bxd5 17. a3 $146 ({Predecessor:} 17. b3 Rac8 18. Nd4 a5 19. f3 Kf8 20. Nb5 {½-½ (44) Santa Torres,J (2211)-David,A (2580) Turin 2006}) 17... Bb3 18. Rxd8+ Rxd8 19. Kf1 a5 20. Nd4 Bd5 1/2-1/2

[Event "3rd Vergani Cup 2018"]
[Site "Montebelluna"]
[Date "2019.01.02"]
[Round "?"]
[White "Naumkin, Igor"]
[Black "Guazzelli, Jean-Baptiste"]
[Result "1-0"]
[WhiteElo "2410"]
[BlackElo "2052"]
[Annotator "TA"]
[PlyCount "53"]
[EventDate "2018.12.27"]
[EventType "swiss"]
[EventCountry "ITA"]

{[%evp 12,53,39,4,-6,-9,39,-3,54,31,54,16,57,51,28,14,58,38,305,309,298,311,287,288,291,247,251,256,251,195,191,99,382,316,539,519,531,277,29984,3388,29992,29993,29995,29996]} 1. d4 Nf6 2. c4 e5 3. dxe5 Ng4 4. e4 Nxe5 5. f4 Ng6 6. Be3 Bb4+ 7. Nc3 {LiveBook: 4 Games} (7. Nd2 {feels hotter.} Qe7 8. Qc2 O-O 9. O-O-O Bc5 10. Qc3) 7... Bxc3+ {A52: Budapest Gambit} (7... O-O 8. Bd3 d6 9. Nf3 Nc6 10. O-O Bxc3 11. bxc3 Re8 12. Nd4 Nf8 13. Qf3 Bd7 14. Rae1 Ne6 15. Qg3 Nc5 16. Nxc6 Bxc6 17. Bxc5 dxc5 18. e5 Re7 19. f5 Rd7 20. Re3 f6 21. e6 {1-0 (21) Naumkin,I (2456)-Dragojlovic,A (2284) Cesenatico 2017}) 8. bxc3 b6 9. Nf3 Nc6 (9... Bb7 $11) 10. Bd3 Bb7 11. O-O Qe7 $146 ({Predecessor:} 11... d6 12. Ng5 h6 13. Nxf7 Kxf7 14. Qh5 Qh4 15. Qd5+ {0-1 (24) Duquette,P-Lemieux,R Hull 1999}) 12. c5 $36 {[%mdl 2048] White has the initiative.} O-O 13. e5 bxc5 14. Ng5 {And now Rb1 would win.} d5 $2 {[%mdl 8192]} ({Black should try} 14... h6 $14) 15. Qh5 {[%csl Gg5][%cal Rh5h7]} h6 {[#]} 16. Nxf7 $1 {[%mdl 512]} Qxf7 17. Bxg6 Qe7 18. Rab1 Ba6 19. Rfe1 Bc4 20. e6 d4 21. cxd4 (21. Bd2 $18) 21... cxd4 $2 {[%mdl 8192]} (21... Qxe6 $16 22. Qxc5 (22. dxc5 Bxa2 23. Rb2 Bc4 $16) 22... Bxa2) 22. Bd2 {aiming for Rbc1.} Rab8 $2 (22... Rad8 23. Be4 Qxe6) 23. Rbc1 $18 Rb5 24. f5 Qc5 $2 {[#]} (24... Bd5 $18 25. Bf7+ Rxf7 26. exf7+ Qxf7) 25. Rxc4 $1 {[%mdl 512]} Qxc4 26. Bf7+ Kh7 {[#]} 27. Bxh6 $1 {[%mdl 512] Accuracy: White = 35%, Black = 15%.} 1-0

[Event "3rd Vergani Cup 2018"]
[Site "Montebelluna"]
[Date "2019.01.02"]
[Round "?"]
[White "Naumkin, Igor"]
[Black "Basso, Pier Luigi"]
[Result "0-1"]
[WhiteElo "2410"]
[BlackElo "2542"]
[Annotator "TA"]
[PlyCount "65"]
[EventDate "2018.12.27"]
[EventType "swiss"]
[EventCountry "ITA"]

{[%evp 15,65,26,15,2,11,-10,0,0,8,8,13,14,13,13,36,18,33,22,47,30,46,3,0,0,63,75,80,66,74,0,0,0,0,0,-2,-8,47,0,-17,-29,-26,-50,0,0,0,0,0,-100,-96,-132,-133,-118]} 1. d4 d5 2. c4 c6 3. Nf3 Nf6 4. Nc3 e6 5. e3 Nbd7 6. Qc2 b6 7. Bd3 Bb7 8. O-O Be7 {LiveBook: 267 Games} 9. h3 $146 {D45: Semi-Slav: 5 e3} ({Predecessor:} 9. b3 O-O 10. Bb2 h6 11. Rad1 Qc7 12. Qe2 Rad8 13. Rfe1 Rfe8 14. Bb1 Bf8 15. Ne5 dxc4 16. Nxd7 Rxd7 17. bxc4 c5 18. d5 exd5 19. Nxd5 Nxd5 20. cxd5 {0-1 (29) Gelfand,B (2703)-Ivanchuk,V (2710) Jerusalem 2018}) 9... Qc7 10. Qe2 Rd8 11. b3 {The position is equal.} h6 12. Bb2 O-O 13. Rac1 Qb8 14. Rfd1 Bd6 15. a3 Rfe8 16. b4 Rc8 17. Rc2 (17. c5 $5 {[%cal Rc5d6]} Bc7 18. Qc2 $11) 17... Qa8 18. Rdc1 dxc4 19. Bxc4 e5 ({Better is} 19... c5 $11) 20. Ba2 $14 exd4 21. Nxd4 Bf8 22. Nf3 (22. Nf5 $16) 22... c5 $11 23. bxc5 Rxc5 24. Nb5 {[#] Strongly threatening Rxc5.} Bxf3 25. gxf3 {And now Rxc5 would win.} Rg5+ (25... Ne5 $1 $11 26. Nd4 Qc8) 26. Kf1 (26. Kh2 $14) 26... Rxb5 $1 27. Qxb5 Qxf3 {Threatens to win with ...Rxe3.} 28. Qc6 Qxh3+ 29. Qg2 $1 {[%cal Rg2h3]} Qf5 30. Kg1 Bc5 31. Bc4 (31. Rc4 $11 {remains equal.}) 31... Ne5 $17 {[#] Hoping for ...Nf3+.} 32. Bxe5 Rxe5 33. Be2 {Accuracy: White = 51%, Black = 48%.} 0-1